The evolution of American urban design : a chronological anthology (Record no. 10542)

000 -LEADER
fixed length control field 00386nam a2200145Ia 4500
003 - CONTROL NUMBER IDENTIFIER
control field OSt
005 - DATE AND TIME OF LATEST TRANSACTION
control field 20220404164625.0
008 - FIXED-LENGTH DATA ELEMENTS--GENERAL INFORMATION
fixed length control field 220318s9999 xx 000 0 und d
020 ## - INTERNATIONAL STANDARD BOOK NUMBER
International Standard Book Number 978471983453
082 ## - DEWEY DECIMAL CLASSIFICATION NUMBER
Classification number 711.40973
Item number GOS
100 ## - MAIN ENTRY--PERSONAL NAME
Personal name Gosling, Mrs. (Jane),
Dates associated with a name -1804
245 #4 - TITLE STATEMENT
Title The evolution of American urban design : a chronological anthology
260 ## - PUBLICATION, DISTRIBUTION, ETC. (IMPRINT)
Place of publication, distribution, etc WILEY
942 ## - ADDED ENTRY ELEMENTS (KOHA)
Source of classification or shelving scheme
Holdings
Withdrawn status Lost status Source of classification or shelving scheme Damaged status Koha normalized classification for sorting Not for loan Permanent location Current location Date acquired Source of acquisition Cost, normal purchase price Full call number Barcode Date last seen Cost, replacement price Price effective from Koha item type
        711_409730000000000_GOS   BMS College of Architecture, Design and Planning BMS College of Architecture, Design and Planning 2022-03-28 6 5233.55 711.40973 GOS AR-UG2641 2022-04-04 7476.50 2022-04-04 UG Books
Copyright © 2025, The Librarian, Library and Information Centre, BMSCA D&P, Bengaluru. All Rights Reserved
web counter

Powered by Koha